Lingüística y estilo

Uloženo v:
Podrobná bibliografie
Hlavní autoři: Enkvist, Nils Erik (Autor), Spencer, John (Autor), Gregory, Michael J (Autor)
Médium: Kniha
Jazyk:španělština
Vydáno: Madrid Cátedra 1974
Témata:
Tagy: Přidat tag
Žádné tagy, Buďte první, kdo vytvoří štítek k tomuto záznamu!

MARC

LEADER 00000nam a2200000 a 4500
001 UCJ9879
003 CL-VaPUC
008 070413e19740000SP |||||||||||||||||spa|d
020 |a 8437600049 
082 0 4 |a 418  |b ENK  |2 21 
100 |a Enkvist, Nils Erik  |e author  |9 520449 
700 0 |a Spencer, John  |e author  |9 519932 
700 0 |a Gregory, Michael J  |e author  |9 519933 
245 1 0 |a Lingüística y estilo 
300 |a 133 p 
942 |c BK 
945 |d 20070413 00:00:00  |a jtorresc 
260 |a Madrid  |b Cátedra  |c 1974 
500 |a Donación del Dr. Luis Gómez Macker 
650 0 |a Lingüística aplicada   |9 313266 
650 0 |a Adquisición del lenguaje   |9 309032 
650 0 |a Análisis del discurso  |9 256696 
583 |a last modification  |c 20070413 00:00:00  |k Rodrigo Vera 
999 |c 325222  |d 325220 
952 |0 0  |1 0  |4 0  |6 418_000000000000000_ENK_1974  |7 0  |8 A  |9 405856  |a FDOPOS  |b FDOPOS  |d 2019-11-22  |i 4272234  |o 418 ENK 1974  |p 4272234  |r 2025-01-22  |w 2019-11-22  |y BK  |k MLA